Normal view
MARC view
- Pedro, Jose Carlos:Carvalho, Nuno Borges
Entry Personal Name
001 - CONTROL NUMBER
- control field: 62525
003 - CONTROL NUMBER IDENTIFIER
- control field: NUST
005 - DATE AND TIME OF LATEST TRANSACTION
- control field: 20210628202944.0
008 - FIXED-LENGTH DATA ELEMENTS
- fixed length control field: 210628|| aca||aabn | a|a d
040 ## - CATALOGING SOURCE
- Original cataloging agency: NUST
- Transcribing agency: NUST
100 ## - HEADING--PERSONAL NAME
- Personal name: Pedro, Jose Carlos:Carvalho, Nuno Borges
670 ## - SOURCE DATA FOUND
- Source citation: Work cat.: (NUST): Pedro, Jose Carlos:Carvalho, Nuno Borges, Intermodulation distortion in microwave and wireless circuits, 2003
